000 00741nam a2200229 a 4500
001 9619
003 BD-RjUL
005 20211208234817.0
008 830131s1950 nyuo bf 001 0 eng
035 _a(BD-RjUL)9664
040 _aDLC
_cBD-RjUL
_dBD-RjUL
_beng
041 _aeng
082 0 0 _a297
_223
_bFIA 1950
100 1 _aFitch, Florence Mary
_9221772
245 1 0 _aAllah :
_bthe God of Islam, Moslem life and worship.
_cby Florence Mary Fitch ; illustrated with photographs selected by Beatrce Creighton and the author
260 _aNew York : Lothrop, Lee & Shepard co., Inc. ,
_b1950
300 _a144 p. :
_bill. ;
_c27 cm.
500 _aIncludes index
650 _aIslam
_9221773
942 _2ddc
_cRAR
999 _c9619
_d9619